| 000 | 01355nam a2200205 a 4500 | ||
|---|---|---|---|
| 001 | 000047151 | ||
| 005 | 20201002053411.0 | ||
| 008 | 180417s2017 dr abc 000 0 spa d | ||
| 020 | _a9789945124583 | ||
| 040 |
_aDO-SdBNP _bspa _cBNPHU |
||
| 082 |
_axxxx _bxxxx |
||
| 100 | 1 |
_aEspinal, Lidia M. Joaquín _974937 |
|
| 245 | 1 | 0 |
_aCiencias sociales 3 : _bsecundaria / _cLidia M. Joaquín Espinal. |
| 260 |
_aSanto Domingo : _bSusaeta, _c2017. |
||
| 300 |
_a240 p. : _bil., retrs. ; _c29 cm. |
||
| 500 | _aEnfoque por competencias nuevo currículo | ||
| 504 | _aBibliografía : p. 239-240 | ||
| 505 | 0 |
_aLatinoamerica: expansionismo y hegemonia estadounidenses 1900-1930 -- _tGuerra hispano-norteamericana (1895-1898) -- _tAmerica en el marco de la Primera Guerra Mundial -- _tEstados Unidos interviene en los paises del Caribe -- _tLa revolucción mexicana -- _tRepública oligárquicas y regimenes autoritarios -- _tSociedad pensamiento y cultura -- _tSegunda guerra mundial. Hegemonía de los Estados Unidos -- _tLa revolución cubana y sus repercuciones -- _tLa guerra fría en América Latina: dictaduras y regímenes de seguridad nacional, derechos humanos -- _tCrisis económica y cambios en la política de los Estados Unidos hacia América Latina -- _tLos restos del presente latinoamericano en la época de la globalizacion. |
|
| 590 | _aInventariado, 2018/LP | ||
| 999 |
_c46639 _d46639 |
||